Simpsons Tapped Out Characters - Statistics

General Stats
  • This quiz has been taken 248 times
    220 since last reset
  • The average score is 65 of 500
Answer Stats
Character Collection Character % Correct
The Simpsons Marge Simpson
89%
The Simpsons Bart Simpson
87%
The Simpsons Lisa Simpson
87%
The Simpsons Maggie Simpson
85%
The Simpsons Homer Simpson
82%
Apu's Family Apu
71%
Flanders Family Ned Flanders
71%
Kids Milhouse
67%
Flanders Family Rod Flanders
67%
Flanders Family Todd Flanders
67%
Flanders Family Maude Flanders
63%
Van Houtens Kirk Van Houten
60%
Bouvier Family Selma
60%
Bouvier Family Patty
59%
Apu's Family Manjula
55%
Toughies Nelson
54%
Toughies Jimbo
53%
Van Houtens Luann Van Houten
53%
Kids Ralph
52%
Kids Martin
50%
Apu's Family Sanjay
50%
Toughies Kearney
48%
Civil Servants J. Edgar Hoover
47%
Villains Mr Burns
47%
School Workers Skinner
45%
Business Owners Moe
44%
Plant Workers Carl
43%
Hibbert Family Dr Hibbert
43%
Plant Workers Lenny
43%
Toughies Dolph
41%
The Terwilligers Sideshow Bob
41%
Plant Workers Smithers
41%
School Workers Willie
41%
School Workers Chalmers
40%
B-List Celebrities Krusty
40%
Animals And Pets Santas Little Helper
40%
Kids Sherri & Terri
40%
Barflies Barney
38%
School Workers Krabappel
38%
More Animals and Pets Snowball
38%
The Simpsons Grampa Simpson
37%
Civil Servants Chief Wiggum
36%
Bouvier Family Jacqueline
35%
Oldies Mona Simpson
35%
Mascots Cleatus
34%
School Workers Otto
33%
Hibbert Family Bernice Hibbert
32%
Oddballs Cletus
32%
4th of July Dwight D. Eisenhower
32%
Oldies Jasper
32%
Oldies Agnes Skinner
31%
Churchy Joes Helen Lovejoy
31%
Kids Janey
31%
Aliens Kang
31%
Civil Servants Lou
31%
Churchy Joes Reverend Lovejoy
31%
Kids Uter
31%
Business Owners Comic Book Guy
30%
Wise Guys Fat Tony
30%
Aliens Kodos
30%
Civil Servants Mayor Quimby
30%
Squeaky-Voiced Teen & Moleman Moleman
30%
C-List Celebrities Sideshow Mel
30%
Villains Snake
30%
Apu's Family Jay
29%
More School Workers Miss Hoover
29%
More Kids Greta Wolfcastle
27%
Villains Hank Scorpio
27%
Churchy Joes Jessica Lovejoy
27%
Toughies Shauna
27%
Squeaky-Voiced Teen & Moleman Squeaky-Voiced Teen
27%
4th of July Abraham Lincoln
26%
Civil Servants Eddie
26%
C-List Celebrities Kent Brockman
25%
Villains Rich Texan
25%
Kids Database
24%
B-List Celebrities Duffman
24%
School Workers Lunchlady Doris
24%
Oddballs Brandine
23%
Plant Workers Frank Grimes
22%
Wise Guys Legs
22%
Van Houtens Norbert
22%
Even More Kids Wendell Borton
22%
Spuckler Brood Birthday
21%
Hibbert Family Chester Dupree
21%
Spuckler Brood Dubya
21%
More Kids Ling Bouvier
21%
Business Owners Luigi
21%
The Terwilligers Cecil Terwilliger
20%
Toughies Kearney's Other Son
20%
Civil Servants Martha Quimby
20%
Plant Workers Mindy
20%
C-List Celebrities Mr Teeny
20%
Casino Staff Amber Simpson
19%
More Oddballs Dr Nick
19%
Civil Servants Freddie Quimby
19%
Founders Jebediah Springfield
19%
Wise Guys Louie
19%
More School Workers Mr Largo
19%
Legal Eagles Blue Haired Lawyer
18%
C-List Celebrities Bumblebee Man
18%
4th of July George Washington
18%
Treehouse of Horror XXV Hugo
18%
Animals And Pets Jub-Jub
18%
Superheroes Radioactive Man
18%
Oddballs Sea Captain
18%
Exotic Animals And Pets Stampy
18%
Spuckler Brood Whitney
18%
Even More Kids Allison Taylor
17%
C-List Celebrities Bleeding Gums Murphy
17%
Helpful Guest Stars Crazy Cat Lady
17%
Oddballs Disco Stu
17%
Churchy Joes Father Sean
17%
Wise Guys Frankie the Squealer
17%
More Business Owners Herb Powell
17%
Oddballs Herman
17%
More Kids Laura Powers
17%
More Oddballs Old Jewish Man
17%
B-List Celebrities Paris Texan
17%
Oddballs Professor Frink
17%
B-List Celebrities Ranier Wolfcastle
17%
4th of July Richard Nixon
17%
More Kids Sophie Krustofski
17%
Funzos Blue Funzo
16%
Oldies Chester Lampwick
16%
Funzos Pink Funzo
16%
C-List Celebrities Arnie Pye
15%
More Kids Baby Gerald
15%
Superheroes Fall Out Boy
15%
Krustyland Mascots Itchy Mascot
15%
Barflies Larry
15%
More Business Owners Lindsey Naegle
15%
Van Houtens Nana Sophie
15%
Stonecutters Number 1
15%
Funzos Purple Funzo
15%
Krustyland Mascots Scratchy Mascot
15%
More Business Owners Artie Ziff
14%
Even More Kids Brittany Brockman
14%
School Workers Coach Krupt
14%
More Business Owners Cookie Kwan
14%
Wise Guys Johnny Tightlips
14%
More Stonecutters Number 5
14%
Krustyland Mascots Poochie Mascot
14%
Barflies Sam
14%
Even More Kids Bort
13%
Kids Brendan
13%
Casino Staff Ginger Flanders
13%
Even More Kids Jeremy Jailbird
13%
Stonecutters Number 12
13%
Stonecutters Number 14
13%
More Stonecutters Number 2
13%
B-List Celebrities Drederick Tatum
12%
The Terwilligers Francesca Terwilliger
12%
More Kids Gina Vendetti
12%
Legal Eagles Judge Snyder
12%
Civil Servants K9 Officer
12%
School Workers Leopold
12%
Helpful Guest Stars Matt Groening
12%
Boardwalk Performers Mime
12%
C-List Celebrities Miss Springfield
12%
More Stonecutters Number 21
12%
Even More Stonecutters Number 22
12%
More Stonecutters Number 29
12%
Stonecutters Number 51
12%
More Stonecutters Number 59
12%
Mascots Capital City Goofball
11%
Even More Kids Erik
11%
The Terwilligers Gino Underdunk Terwilliger
11%
Robots Hans Mechman
11%
Easter 2014 Hugs Bunny
11%
More Business Owners Marvin Monroe
11%
More Kids Mozart
11%
Holiday 2013 Mr Costington
11%
Even More Stonecutters Number 50
11%
Even More Stonecutters Number 66
11%
Stonecutters Number 67
11%
Even More Stonecutters Number 79
11%
More Kids Patches & Poor Violet
11%
Churchy Joes Rachel Jordan
11%
4th of July Rex Banner
11%
Plant Workers Ruth Powers
11%
Villains Sven Golly
11%
4th of July Teddy Roosevelt
11%
Irishmen Tom O'Flanagan
11%
Treehouse of Horror XXVI Adults Acorn Kirk
10%
More Business Owners Akira
10%
Vigilantes Bartman
10%
C-List Celebrities Dave Shutton
10%
Villains Fernando Vidal
10%
Villains Jack the Ripper
10%
Boardwalk Performers Juggler
10%
Helpful Guest Stars Kumiko
10%
Mascots Laird Ladd
10%
C-List Celebrities Lurleen Lumpkin
10%
Wise Guys Michael D'Amico
10%
Stonecutters Number 36
10%
More Stonecutters Number 85
10%
Pin Pals Pin Pal Apu
10%
Pin Pals Pin Pal Homer
10%
Pin Pals Pin Pal Moe
10%
4th of July Ronald Reagan
10%
Treehouse of Horror XXVI Adults Squirrel Luann
10%
B-List Celebrities Booberella
9%
Treegouse of Horror XXIII Burns Monster
9%
Holiday 2013 Candy Kevin
9%
Easter 2014 Egg Council Guy
9%
Wise Guys Fit Tony
9%
4th of July Giuseppe
9%
Boardwalk Performers Human Statue
9%
Irishmen Leprechaun
9%
Business Owners Lugash
9%
Whacking Day Lumpy
9%
Oddballs Maw Spuckler
9%
Oldies Molloy
9%
More Stonecutters Number 600
9%
Oddballs Roy
9%
Zombies Senile Zombie
9%
Helpful Guest Stars Shary Bobbins
9%
Treehouse of Horror XXIV Suzanne the Witch
9%
Animals And Pets Turkey
9%
Oddballs Wiseguy
9%
Oddballs Yes Guy
9%
Plant Workers Zutroy
9%
Clash of Clones Barbarian
8%
Clash of Clones Barbarian Homer
8%
Winter 2014 Bonestorm Santa
8%
Exotic Animals And Pets Chirpy Boy & Bart Jr.
8%
Mascots Cocoa Beanie
8%
Zombies Crazy Zombie
8%
Wise Guys Don Vittorio
8%
Holiday 2013 Grumple
8%
Clash of Clones Homer Barbarian
8%
More Oddballs Jacques
8%
Treegouse of Horror XXIII Mayan God
8%
Business Owners Milo
8%
More Oddballs Mrs Muntz
8%
Irishmen Northern Irish Leprechaun
8%
Whacking Day Pet Snake
8%
More Oddballs Princess Kashmir
8%
More Business Owners Roger Myers Jr
8%
Business Owners Roscoe
8%
Thanksgiving Sacagawea Lisa
8%
School Workers Shamus
8%
Oldies Stacy Lovell
8%
Treegouse of Horror XXIII Talking Krusty Doll
8%
Treegouse of Horror XXIII The Raven
8%
Irishmen Yupprechaun
8%
Winter 2014 Annual Gift Man
7%
Clash of Clones Archer Lisa
7%
More Business Owners Belle
7%
Zombies Clawing Zombie
7%
Treehouse of Horror XXVI Kids Clockwork Bart
7%
Deep Space Homer Deep Space Homer
7%
Treehouse of Horror XXVI Nightmares Disco Zombie
7%
Robots Drone
7%
Boardwalk Performers Fiddler
7%
Sporty Tough Guys Football Nelson
7%
Exotic Animals And Pets Freedom
7%
Treehouse of Horror XXIV Frog Prince
7%
Clash of Clones Goblin Bart
7%
Oldies Hollis Hurlbut
7%
C-List Celebrities Mexican Duffman
7%
Easter 2014 Mojo
7%
Oddballs Mr Sparkle
7%
Even More Stonecutters Number 111
7%
Even More Stonecutters Number 314
7%
Vigilantes Pie Man
7%
Pin Pals Pin Pal Burns
7%
Helpful Guest Stars Princess Penelope
7%
C-List Celebrities Pyro
7%
Robots Robot
7%
Robots R.O.S.A
7%
Treehouse of Horror XXVI Kids Saxophone Lisa
7%
Founders Shelbyville Manhattan
7%
Zombies Snarling Zombie
7%
Treehouse of Horror XXV Space Mutant
7%
Super Villains The Collector
7%
Helpful Guest Stars Weird Al Yankovic
7%
More Oddballs Wheels McGrath
7%
Clash of Clones Wizard Marge
7%
More Business Owners Arthur Fortune
6%
Villains Babysitter Bandit
6%
More Oddballs Becky
6%
Fossil Fuel Four Charcoal Briquette
6%
Animals And Pets Christmas Raccoon
6%
Super Villains Clownface
6%
Monorail Conductor Homer
6%
C-List Celebrities Corporal Punishment
6%
B-List Celebrities Declan Desmond
6%
Oddballs Dia-betty
6%
Super Villains Dr. Colossus
6%
Treehouse of Horror XXVI Freaks Fairy Kodos
6%
Boardwalk Performers Fire Eater
6%
Treehouse of Horror XXVI Nightmares Formless Terror
6%
More Oddballs French Waiter
6%
Sporty Tough Guys Grant Connor
6%
Treehouse of Horror XXVI Adults Holiday Homer
6%
Aliens J. Rigellian Christ
6%
Thanksgiving King-Size Homer
6%
More Oddballs Lance Murdock
6%
Treehouse of Horror XXV Mutant Peacock
6%
Stonecutters Number 908
6%
Fossil Fuel Four Old King Coal
6%
Fossil Fuel Four Petroleus Rex
6%
Treehouse of Horror XXVI Freaks Pirate Kang
6%
Superheroes Plopper
6%
More Animals and Pets Pokey
6%
Thanksgiving Puritan Flanders
6%
Sporty Simpsons Referee Homer
6%
Monorail Sebastian Cobb
6%
Treehouse of Horror XXIV Snorky
6%
Exotic Animals And Pets Space Coyote
6%
Treehouse of Horror XXVI Nightmares Star Spawn
6%
Vigilantes Stretch Dude
6%
Fossil Fuel Four The Fracker
6%
Winter 2016 The Parson
6%
Super Villains The Scout Master
6%
Winter 2016 The Wiccans
6%
C-List Celebrities Tina Ballerina
6%
Exotic Animals And Pets Two-nicorn
6%
Exotic Animals And Pets Vicious Monkeys
6%
Superheroes Wind Lad
6%
Winter 2017 Worker Elves
6%
Helpful Guest Stars Anger Watkins
5%
More Business Owners Aristotle Amadopolis
5%
Deep Space Homer Astronaut Barney
5%
Robots Battling Seizure Robot
5%
Treehouse of Horror XXVII Blinky Monster
5%
Mutants Bob Clone
5%
Treehouse of Horror XXV Bulldozersaurus
5%
Easter 2014 Bunny 24601
5%
More Business Owners Cayman Island Banker
5%
Winter 2017 Christmas Tree Ralph
5%
Robots C.H.U.M
5%
Superheroes Citizen Solar
5%
Vigilantes Clobber Girl
5%
Winter 2017 Conductor Otto
5%
Treehouse of Horror XXVII Crazy Iguana Lady
5%
The Terwilligers Dame Judith Underdunk
5%
Winter 2015 Dancing Reindeer
5%
Treehouse of Horror XXVII Death
5%
Robots Doggy Smithers
5%
Super Villains Dr. Crab
5%
The Terwilligers Dr. Robert
5%
Winter 2017 Elf Bart
5%
Winter 2017 Elf Lisa
5%
Vigilantes Everyman
5%
Treehouse of Horror XXVII Filmaker Lisa
5%
Volunteer Fire Department Fireman Apu
5%
Volunteer Fire Department Fireman Homer
5%
Volunteer Fire Department Fireman Skinner
5%
Treehouse of Horror XXVII Frinkenstein
5%
Animals And Pets Frink's Robot Dog
5%
Winter 2014 Frosty the Hitman
5%
Vigilantes Fruit-Bat Man
5%
University Nerds Gary
5%
Treehouse of Horror XXVII Gravedigger Billy
5%
Treehouse of Horror XXVI Nightmares Helter Skeleter
5%
Exotic Animals And Pets Homer Dog
5%
Winter 2015 Imaginary Bear
5%
More Business Owners Indian Pow Wow Casino Manager
5%
Animals And Pets IRS Drone
5%
Robots Itchy & Scratchy Bot
5%
Sporty Simpsons Jockey Bart
5%
Winter 2014 King Winter
5%
Robots LadyBot
5%
Winter 2017 Lyla
5%
Animals And Pets Maurice
5%
Treehouse of Horror XXVI Freaks Model Donut
5%
Winter 2017 Mrs. Kodos Claus
5%
More Business Owners Mrs Sinclair
5%
Exotic Animals And Pets Mutant Rabbit
5%
Winter 2016 New God Mr. Burns
5%
Exotic Animals And Pets Osaka Seafood Concern Squid
5%
Treehouse of Horror XXVI Kids Radioactive Milhouse
5%
Winter 2016 Ravencrow Neversmiles
5%
Robots Robo Burns
5%
Winter 2017 Santa Kang
5%
Winter 2016 Satyr Willie
5%
Mutants Short Bob Clone
5%
Zombies Shuffling Zombie
5%
Sporty Simpsons Soccer Lisa
5%
Treehouse of Horror XXVII Space Marshmallow
5%
Animals And Pets Squawky
5%
Winter 2016 Star Snowsuit Maggie
5%
Animals And Pets Stewart the Duck
5%
Mutants Tall Bob Clone
5%
Sporty Simpsons Tennis Marge
5%
Superheroes The Collider
5%
Treehouse of Horror XXVII Werewolf Flanders
5%
Whacking Day Western Snake
5%
Winter 2015 White Witch Burns
5%
Treehouse of Horror XXVI Kids Wizard Martin
5%
Sporty Oldies Baseball Jasper
4%
Mutants Bigclaw
4%
Vigilantes Bouncing Battle Baby
4%
Sporty Tough Guys Boxing Drederick Tatum
4%
Super Villains Cyborg Snake
4%
Oddballs Dancin' Pete
4%
Winter 2015 Fetivus CBG
4%
Volunteer Fire Department Fire Chief Moe
4%
Sporty Tough Guys Furious D
4%
Titans of Trash Hippee
4%
Titans of Trash Jesse Grass
4%
Springfield Pride Julio
4%
Mutants Pet Mutant Plant
4%
Mutants Pet Mutant Seedling
4%
Homer the Heretic Rabbi Krustofski
4%
Vigilantes Senor Ding Dong
4%
Vigilantes Sidekick Milhouse
4%
Holiday 2013 Snow Moster
4%
Sporty Oldies Softball Mr. Burns
4%
Sporty Wannabes Springy
4%
Sporty Oldies Toreador Grampa
4%
Old West Villains Wes Doobner
4%
Sporty Wannabes Ballet Ralph
3%
University Nerds Benjamin
3%
Old West Simpsons Cowboy Homer
3%
University Nerds Doug
3%
Casino Performers Magic Act Milhouse
3%
Homerpalooza Rock 2017 Nick Delacourt
3%
Titans of Trash Ray Patterson
3%
Casino Staff Reclusive Mr. Burns
3%
Interdimensional Travellers Stephen Hawking
3%
Casino Performers The Great Raymondo
3%
Old West Simpsons The Kid With No Name
3%
Secret Agents Adil Hoxha
2%
Homerpalooza Pop 2017 Alaska Nebraska
2%
Swashbucklers Blackbeard
2%
Casino Staff Casino Boss Bart
2%
Casino Staff Casino Nessie
2%
Casino Staff Chippy
2%
Casino Performers Cregg Demon
2%
Springfield Games Fatov
2%
Casino Performers Gabbo and Arthur
2%
Springfield Pride Grady
2%
Old West Partners Gummy Joe
2%
Casino Staff Hostess Miss Springfield
2%
Sporty Wannabes Kung Fu Comic Book Guy
2%
Casino Performers Lucius Sweet
2%
Old West Partners Luke Stetson
2%
Interdimensional Travellers Mooch Bart
2%
Interdimensional Travellers President Lisa
2%
Interdimensional Travellers Rockstar Maggie
2%
Secret Villains Russ Cargill
2%
Secret Agents Agent Bont
1%
Homer the Heretic Brother Faith
1%
Old West Villains Brutus
1%
Prehistorians Caveman Moe
1%
Interdimensional Travellers Evil Homer
1%
Homerpalooza Rock 2017 Freddy Freeman
1%
The Great Phatsby Goosius
1%
The Great Phatsby Jay G
1%
Homerpalooza Pop 2017 Leon Kompowsky
1%
Homerpalooza Pop 2017 L.T. Smash
1%
Interdimensional Travellers Mecha Hawk
1%
Old West Simpsons Prairie Maggie
1%
Old West Partners Prospector
1%
Springfield Pride Rollerskate Smithers
1%
Homerpalooza Pop 2017 Spotlight Dance Bot
1%
Foreigners Tiago
1%
Foreigners Ugolin
1%
Secret Agents Wayne Slater
1%
Foreigners Xoxchitla
1%
Secret Villains Yakuza Boss
1%
Prehistorians Baby T-Rex
0%
Old West Partners Buck McCoy
0%
Secret Agents Camera Hat Homer
0%
Prehistorians Cavegirl Booberella
0%
Foreigners Cesar
0%
Prehistorians Darwin Fish
0%
Prehistorians Dilophosaurus
0%
Secret Villains Female Fatale
0%
Secret Villains G.H.O.S.T Enforcer
0%
Prehistorians Giant Screamapillar
0%
Secret Villains Grindhouse Assassin
0%
Prehistorians Homer Lizard
0%
Old West Partners Longshot Skinner
0%
Homerpalooza Hip Hop 2017 Manager Cletus
0%
Secret Villains Mastermind Hank Scorpio
0%
Old West Villains Outlaw Snake
0%
Homerpalooza Rock 2017 Peter D'Abbruzio
0%
Sun Worshippers Pharaoh Guard
0%
Sun Worshippers Pharaoh Skinner
0%
Springfield Games Pin Collector Lisa
0%
Swashbucklers Plague Rats
0%
Homerpalooza Hip Hop 2017 Rappin' Bart
0%
Prehistorians Raptor
0%
Homerpalooza Rock 2017 Rockin' Otto
0%
Foreigners Ronaldo
0%
Foreigners Sakatumi
0%
Swashbucklers Sexy Pirate
0%
Interdimensional Travellers Sgt. Skinner
0%
Homerpalooza Rock 2017 Shedder Stevens
0%
Secret Agents Stradivirius Cain
0%
Homer the Heretic Sunday Morning Homer
0%
Sun Worshippers Taskmaster Willie
0%
Old West Partners Tumbleweed
0%
Springfield Pride Undercover Hoover
0%
Swashbucklers Wisecracking Parrot
0%
No matching quizzes found
Score Distribution
Percent of People with Each Score
Percentile by Number Answered
Your Score History
You have not taken this quiz since the last reset